Business Economics (Record no. 221660)
[ view plain ]
| 000 -LEADER | |
|---|---|
| fixed length control field | 01045nam a22002777a 4500 |
| 005 - DATE AND TIME OF LATEST TRANSACTION | |
| control field | 20260227093757.0 |
| 008 - FIXED-LENGTH DATA ELEMENTS--GENERAL INFORMATION | |
| fixed length control field | 220302b ||||| |||| 00| 0 eng d |
| 020 ## - INTERNATIONAL STANDARD BOOK NUMBER | |
| International Standard Book Number | 9789327298769 |
| 040 ## - CATALOGING SOURCE | |
| Transcribing agency | Aloy |
| 041 ## - LANGUAGE CODE | |
| Language code of text/sound track or separate title | eng |
| 082 ## - DEWEY DECIMAL CLASSIFICATION NUMBER | |
| Edition number | 23 |
| Classification number | 658.001 |
| Item number | CHOB |
| 100 ## - MAIN ENTRY--PERSONAL NAME | |
| Personal name | P N Chopra |
| 100 ## - MAIN ENTRY--PERSONAL NAME | |
| 9 (RLIN) | 256988 |
| 245 ## - TITLE STATEMENT | |
| Title | Business Economics |
| 250 ## - EDITION STATEMENT | |
| Edition statement | 8th ed, |
| 260 ## - PUBLICATION, DISTRIBUTION, ETC. | |
| Place of publication, distribution, etc. | Ludhiana |
| Name of publisher, distributor, etc. | Kalyani Publishers |
| Date of publication, distribution, etc. | 2019 |
| 300 ## - PHYSICAL DESCRIPTION | |
| Extent | viii,720 p. |
| Other physical details | PB |
| Dimensions | 24x17 cm. |
| 365 ## - TRADE PRICE | |
| Source of price type code | Economics |
| Price type code | MLASH21CRB333 |
| Price amount | 260.00 |
| Currency code | ₹ |
| Unit of pricing | 325.00 |
| Price note | 20% |
| Price effective from | MLSH21CRB333 |
| Price effective until | 20-02-2022 |
| 520 ## - SUMMARY, ETC. | |
| Summary, etc. | The book Principles of Economics has been designed for undergraduate and Post graduate students of various Indian & Foreign universities. The book has been divided into 8 units covering 31 Chapters. |
| 650 ## - SUBJECT ADDED ENTRY--TOPICAL TERM | |
| Topical term or geographic name entry element | Business Economics |
| 9 (RLIN) | 22278 |
| 650 ## - SUBJECT ADDED ENTRY--TOPICAL TERM | |
| Topical term or geographic name entry element | Demand and its Elasticities |
| 9 (RLIN) | 22279 |
| 650 ## - SUBJECT ADDED ENTRY--TOPICAL TERM | |
| Topical term or geographic name entry element | Production and Costs |
| 9 (RLIN) | 22280 |
| 650 ## - SUBJECT ADDED ENTRY--TOPICAL TERM | |
| Topical term or geographic name entry element | Forecasting Demand and Profit |
| 9 (RLIN) | 22281 |
| 650 ## - SUBJECT ADDED ENTRY--TOPICAL TERM | |
| Topical term or geographic name entry element | Market Structures and Pricing |
| 9 (RLIN) | 22282 |
| 650 ## - SUBJECT ADDED ENTRY--TOPICAL TERM | |
| Topical term or geographic name entry element | Factor Pricing |
| 9 (RLIN) | 22283 |
| 942 ## - ADDED ENTRY ELEMENTS (KOHA) | |
| Source of classification or shelving scheme | Dewey Decimal Classification |
| Koha item type | Book |
| Withdrawn status | Lost status | Source of classification or shelving scheme | Damaged status | Not for loan | Collection code | Home library | Current library | Date acquired | Source of acquisition | Cost, normal purchase price | Total Checkouts | Full call number | Barcode | Date last seen | Date last checked out | Cost, replacement price | Price effective from | Koha item type |
|---|---|---|---|---|---|---|---|---|---|---|---|---|---|---|---|---|---|---|
| Dewey Decimal Classification | Economics | St Aloysius Library | St Aloysius Library | 02/25/2022 | Sapna Book House Pvt. Ltd. Mangalore-575001 | 260.00 | 1 | 658.001 CHOB | 075543 | 11/21/2022 | 11/12/2022 | 325.00 | 03/02/2022 | Book |